Practical dairy tests A manual for students and interested in the practical testing of dairy products

Guardat en:
Dades bibliogràfiques
Autor principal: A D Burke
Format: Llibre
Idioma:Undetermined
Publicat: Milwaukee Olsen 1929
Matèries:
Etiquetes: Afegir etiqueta
Sense etiquetes, Sigues el primer a etiquetar aquest registre!
Thư viện lưu trữ: Trung tâm Học liệu Trường Đại học Cần Thơ
LEADER 00543nam a2200193Ia 4500
001 CTU_14311
008 210402s9999 xx 000 0 und d
082 |a 637.12 
082 |b B959 
100 |a A D Burke 
245 0 |a Practical dairy tests 
245 2 |b A manual for students and interested in the practical testing of dairy products 
245 2 |c A D Burke 
260 |a Milwaukee 
260 |b Olsen 
260 |c 1929 
650 |a dairy products 
904 |i Minh, 970102 
980 |a Trung tâm Học liệu Trường Đại học Cần Thơ